| 000 | 00647nam a2200193Ia 4500 | ||
|---|---|---|---|
| 005 | 20250923145244.0 | ||
| 008 | 008 250917s9999 xx 000 0 eng d | ||
| 037 | _aReports | ||
| 040 |
_aDSWL _beng _cDSWL |
||
| 041 |
_aeng _2eng |
||
| 084 |
_aY5 _qDSWL |
||
| 245 | 0 |
_aReport of the committee on untouchability, economic and educational development of the scheduled castes & connected documents, 1960 _cby Depertment of Social Welfare |
|
| 260 |
_aNew Delhi _b Govt. Of India, Deptt. of Social Welfare _c1969 |
||
| 300 | _axv,381p. | ||
| 365 |
_aINR _b3.00 |
||
| 925 | _g3.00 | ||
| 942 |
_cREP _hY5 |
||
| 999 |
_c1449040 _d1449040 |
||